Wörterbuch der Sprachschwierigkeiten Zweifelsfälle, Normen und Varianten im gegenwärtigen deutschen Sprachgebrauch

Salvato in:
Dettagli Bibliografici
Altri autori: Dückert, Joachim, Kempcke, Günter
Natura: Libro
Lingua:tedesco
Pubblicazione: Leipzig Bibliographisches Institut 1984
Tags: Aggiungi Tag
Nessun Tag, puoi essere il primo ad aggiungerne!!

MARC

LEADER 00000nam a2200000 4500
001 c114514
005 20150325111254.8
041 0 |a ger 
044 |a DE 
245 1 0 |a Wörterbuch der Sprachschwierigkeiten  |b Zweifelsfälle, Normen und Varianten im gegenwärtigen deutschen Sprachgebrauch  |c [Herausgegeben von Joachim Dückert und Günter Kempcke] 
264 1 |a Leipzig  |b Bibliographisches Institut  |c 1984 
300 |a 543 s.  |e 30 s. príl. 
700 1 |a Dückert, Joachim 
700 1 |a Kempcke, Günter